Nové tendencie regionálneho marketingu v podmienkach samosprávy

Posiľňovanie samosprávy v rámci verejnej správy. Odlišnosti medzi marketingom v komerčnej sfére a marketingom samosprávy. Implementácia marketingu do výkonu samosprávy.

Salvato in:
Dettagli Bibliografici
Autore principale: Drábik, Peter, 1981-
Natura: Capitolo di libro
Lingua:slovacco
Soggetti:
Tags: Aggiungi Tag
Nessun Tag, puoi essere il primo ad aggiungerne!!

MARC

LEADER 00000naa$a2200000$$$4500
001 0070521
005 20240502071839.4
041 0 |a slo 
044 |a SK 
245 1 0 |a Nové tendencie regionálneho marketingu v podmienkach samosprávy  |c Peter Drábik 
520 |a Posiľňovanie samosprávy v rámci verejnej správy. Odlišnosti medzi marketingom v komerčnej sfére a marketingom samosprávy. Implementácia marketingu do výkonu samosprávy. 
610 2 0 |a marketing regionálny 
610 2 0 |a samospráva 
610 2 0 |a riadenie procesné 
100 1 |a Drábik, Peter, 1981-